Modern practical masonry (Record no. 105917)

MARC details
000 -LEADER
fixed length control field 00914cam a2200253 4500
001 - CONTROL NUMBER
control field ##L135094
008 - FIXED-LENGTH DATA ELEMENTS--GENERAL INFORMATION
fixed length control field 060925n2006 000 0 eng u
020 ## - INTERNATIONAL STANDARD BOOK NUMBER
International Standard Book Number 1873394764
035 ## - SYSTEM CONTROL NUMBER
System control number (Sirsi) u135094
041 0# - LANGUAGE CODE
Language code of text/sound track or separate title eng
050 04 - LIBRARY OF CONGRESS CALL NUMBER
Classification number 693.1 $2 18
100 1# - MAIN ENTRY--PERSONAL NAME
Personal name Warland, Edmund George
245 00 - TITLE STATEMENT
Title Modern practical masonry
250 ## - EDITION STATEMENT
Edition statement Reprint of 1st ed. published by B.T. Batsford in 1929
260 ## - PUBLICATION, DISTRIBUTION, ETC.
Place of publication, distribution, etc. Shaftesbury
Name of publisher, distributor, etc. Donhead Publishing
Date of publication, distribution, etc. 2006
300 ## - PHYSICAL DESCRIPTION
Extent 284p.
Other physical details ill.
Dimensions 25cm.
350 ## - PRICE (NR) (BK AM CF MU VM SE) [OBSOLETE]
Price 45
520 ## - SUMMARY, ETC.
Summary, etc. Includes a treatise on geometry for setting out, as well as descriptions of the tools and machinery in use at the time, a discussion of the principles of stone cutting, details of building stones and a section on masonry costing and estimating.
590 ## - LOCAL NOTE (RLIN)
Local note IKA171006
651 #4 - SUBJECT ADDED ENTRY--GEOGRAPHIC NAME
Geographic name United Kingdom
Chronological subdivision
690 ## - LOCAL SUBJECT ADDED ENTRY--TOPICAL TERM (OCLC, RLIN)
Topical term or geographic name as entry element BUILT ENVIRONMENT-BUILDING MATERIALS-STONE
942 ## - ADDED ENTRY ELEMENTS (KOHA)
Suppress in OPAC 0
Holdings
Withdrawn status Lost status Source of classification or shelving scheme Damaged status Not for loan Home library Current library Shelving location Date acquired Cost, normal purchase price Total Checkouts Full call number Barcode Date last seen Date last checked out Copy number Cost, replacement price Price effective from Koha item type
    Dewey Decimal Classification     London London Books 05/10/2006 45.00 5 693.1 WAR 30073328 06/08/2019 23/02/2009 1 45.00 06/08/2019 Book